Central Library OPAC University of Rajshahi

Advanced history of india / (Record no. 22950)

MARC details
000 -LEADER
fixed length control field 00665nam a22002297a 4500
001 - CONTROL NUMBER
control field 22950
003 - CONTROL NUMBER IDENTIFIER
rucl marc code BD-RjUL
005 - DATE AND TIME OF LATEST TRANSACTION
control field 20221030115728.0
008 - FIXED-LENGTH DATA ELEMENTS--GENERAL INFORMATION
fixed length control field 140309b19911975II ||||| |||| 001 0 eng d
035 ## - SYSTEM CONTROL NUMBER
System control number (BD-RjUL)22950
040 ## - CATALOGING SOURCE
Original cataloging agency BD-RjUL
Language of cataloging eng
Transcribing agency BD-RjUL
041 ## - LANGUAGE CODE
Language code of text/sound track or separate title eng
082 ## - DEWEY DECIMAL CLASSIFICATION NUMBER
Classification number 954
Author mark and year SAA 1991
100 ## - MAIN ENTRY--PERSONAL NAME
Personal name Sastri, K. A. Nilakanta
9 (RLIN) 5556
245 ## - TITLE STATEMENT
Title Advanced history of india /
Statement of responsibility, etc. K. A. Nilakanta Sastri, G. Srinivasachari
250 ## - EDITION STATEMENT
Edition statement 2nd ed.
260 ## - PUBLICATION, DISTRIBUTION, ETC. (IMPRINT)
Place of publication, distribution, etc. New delhi :
Name of publisher, distributor, etc. Allied publishers ltd.,
Date of publication, distribution, etc. c1975 [reprinting 1989,1991]
300 ## - PHYSICAL DESCRIPTION
Pagination 874 p. ;
Size 24 cm.
504 ## - BIBLIOGRAPHY, ETC. NOTE
Bibliography, etc includes index
700 ## - ADDED ENTRY--PERSONAL NAME
Personal name Srinivasachari, G.
942 ## - ADDED ENTRY ELEMENTS (KOHA)
Source of classification or shelving scheme Dewey Decimal Classification
Koha item type Books
Holdings
Lost status Source of classification or shelving scheme Damaged status Not for loan Collection code Permanent Location Current Location Shelving location Date acquired Source of acquisition Cost, normal purchase price Full call number Date last seen Copy number Koha item type
  Dewey Decimal Classification     Non-fiction Central Library, University of Rajshahi Central Library, University of Rajshahi General Stacks 09/03/2014 Ideal library 130.00 954 SAA 1991 09/03/2014 C-3 Books
  Dewey Decimal Classification   Not For Loan Non-fiction Central Library, University of Rajshahi Central Library, University of Rajshahi Reading Room 24/05/1990 Karim International, Dhaka 70.00 954 SAA 1989 07/11/2016 C-1 Books